000 00707nam a2200193 i 4500
001 65537
003 ES-MaACL
005 20250905123708.0
007 t|
008 040115s1947 mx ||||1| spa d
100 1 _aFriedlaender, Ludwing.
_952624
245 1 3 _aLa sociedad romana
_b: historia de las costumbres en Roma, desde Augusto hasta los Antoninos /
_cL. Friedlaender ; traducción del alemán por W. Roces.
250 _a[1ª ed.].
260 _aMéxico :
_bFondo de Cultura Económica,
_c[1947] (
_fGráfica Panamericana)
300 _a1216 p., 16 lám. :
_bgraf. ;
_c24 cm.
700 1 _aRoces, Wenceslao,
_d1897-1992
_998039
852 _aES-MaACL
_jD-6857
_bR.28699
999 _c65537
_d65537